[Event "TUR-ch U20"]
[Site "Canakkale"]
[Date "2016.07.03"]
[Round "9"]
[White "Emel, Erim Turgut"]
[Black "Kul, Mahir Mete"]
[Result "0-1"]
[WhiteElo "1533"]
[BlackElo "1490"]
[PlyCount "86"]
[EventDate "2016.06.27"]
[EventType "swiss"]
[EventRounds "9"]
[EventCountry "TUR"]
[SourceTitle "CBM 173 Extra"]
[Source "ChessBase"]
[SourceDate "2016.08.29"]
[SourceVersion "1"]
[SourceVersionDate "2016.08.29"]
[SourceQuality "1"]

1. e4 e6 2. d4 d5 3. Nd2 Nf6 4. e5 Nfd7 5. f4 c5 6. c3 Nc6 7. Ndf3 Be7 8. g3 Qc7 9. Kf2 b6 10. Nh3 Bb7 11. Be3 f6 12. Bd3 fxe5 13. fxe5 0-0-0 14. Nfg5 Rdf8+ 15. Kg2 Nd8 16. Nxh7 Rfg8 17. Nf4 Nxe5 18. Ng6 Nxg6 19. Bxg6 e5 20. Rf1 Kb8 21. Rf5 Bf6 22. Kg1 Ka8 23. Qf1 cxd4 24. cxd4 exd4 25. Rc1 Qe7 26. Bf4 Ne6 27. Re1 Qd7 28. Be5 Nf8 29. Nxf8 Rxf8 30. Bxf6 gxf6 31. Rxf6 Rxf6 32. Qxf6 Qh3 33. Re8+ Rxe8 34. Bxe8 Qc8 35. Ba4 d3 36. Qc3 Qe6 37. Qxd3 Qe1+ 38. Qf1 Qe3+ 39. Qf2 Qc1+ 40. Qf1 Qe3+ 41. Qf2 Qc1+ 42. Kg2 d4+ 43. Kh3 Qh6+ 0-1